| 000 | 00301 a2200097 4500 | ||
|---|---|---|---|
| 082 | _a624.182102 AME | ||
| 245 |
_aLoad and Resistance Factor Design : manual of Steel construction [vol-1 / _cAISC |
||
| 250 | _a2nd. ed. | ||
| 260 |
_aWashington: _cAISC, _b1998 |
||
| 300 |
_avarious pages : _bill. ; _c25cm |
||
| 650 | _asteel construction | ||
| 999 |
_c1922 _d1922 |
||